MARC

LEADER 00000nam0a2200000 4500
001 251720
005 20231101232701.0
010 |a 511000210X 
020 |a RU  |b 89-25307 
035 |a (RuTPU)RU\TPU\book\274028 
090 |a 251720 
100 |a 20140224d1989 m a0rusy5003 ca 
101 0 |a rus 
102 |a UA 
105 |a a j 001zy 
200 1 |a Цифровые ЭВМ  |e теория и проектирование   |e учебник для вузов  |f К. Г. Самофалов, В. И. Корнейчук, В. П. Тарасенко 
205 |a 3-е изд., перераб. и доп. 
210 |a Киев  |c Выща школа  |d 1989 
215 |a 422 с.  |c ил.  |d 22 см 
320 |a Библиогр.: с. 416-417 (21 назв.) 
320 |a Предм. указ.: с. 418-423. 
606 1 |a Цифровые вычислительные машины, электронные  |x Проектирование  |x Автоматизация  |2 stltpush  |3 (RuTPU)RU\TPU\subj\18511  |9 43925 
610 1 |a учебники 
610 1 |a комбинационные схемы 
610 1 |a структуры 
610 1 |a коммутаторы 
610 1 |a дешифраторы 
610 1 |a запоминающие устройства 
610 1 |a арифметико-логические устройства 
610 1 |a устройства управления 
610 1 |a процессоры 
675 |a 681.322.001(075.8)  |z rus 
700 1 |a Самофалов  |b К. Г.  |g Константин Григорьевич  |4 070 
701 1 |a Корнейчук  |b В. И.  |g Виктор Иванович 
701 1 |a Тарасенко  |b В. П.  |g Владимир Петрович 
801 0 |a RU  |b RuMRKP  |c 19950417  |g psbo 
801 1 |a RU  |b 63413507  |c 20140224 
801 2 |a RU  |b 63413507  |c 20140324  |g RCR 
942 |c BK